Villes traversées par l'autoroute A15 - Statistiques

Statistiques générales
  • Ce quiz a été pris 29 fois
  • Le résultat moyen est 4 sur 5
Statistiques - réponses
ville population kilomètre % Correct
Argenteuil 107 221 4
100%
Cergy 71 048 24
100%
Pontoise 31 799 21
93%
Gennevilliers (A86) 51 973 0
76%
Franconville 38 887 11
66%
Aucun quiz correspondant
Distribution des résultats
% des personnes avec chaque résultat
Percentile par nombre de réponses
Votre historique - résultats
Vous n’avez pas pris ce quiz